Masarraton̲ kā shahr : (Record no. 329599)
[ view plain ]
| 000 -LEADER | |
|---|---|
| fixed length control field | 00786nam a22002777a 4500 |
| 001 - CONTROL NUMBER | |
| control field | 2066023 |
| 003 - CONTROL NUMBER IDENTIFIER | |
| control field | NUST |
| 005 - DATE AND TIME OF LATEST TRANSACTION | |
| control field | 20170616093243.0 |
| 008 - FIXED-LENGTH DATA ELEMENTS--GENERAL INFORMATION | |
| fixed length control field | 941013s1993 pk 000 0 urdo |
| 010 ## - LIBRARY OF CONGRESS CONTROL NUMBER | |
| LC control number | 93930809 |
| 020 ## - INTERNATIONAL STANDARD BOOK NUMBER | |
| International Standard Book Number | 9693503317 : |
| Terms of availability | Rs120.00 |
| 025 ## - OVERSEAS ACQUISITION NUMBER | |
| Overseas acquisition number | P-U-028789 |
| 040 ## - CATALOGING SOURCE | |
| Original cataloging agency | DLC |
| Transcribing agency | DLC |
| 042 ## - AUTHENTICATION CODE | |
| Authentication code | lcode |
| 050 00 - LIBRARY OF CONGRESS CALL NUMBER | |
| Classification number | MLCSA 94/01537 (P) |
| 082 ## - DEWEY DECIMAL CLASSIFICATION NUMBER | |
| Classification number | 891.4393 |
| Author Mark | BUT |
| 100 0# - MAIN ENTRY--PERSONAL NAME | |
| Personal name | Raz̤iyah Baṭ. |
| 9 (RLIN) | 756 |
| 245 10 - TITLE STATEMENT | |
| Title | Masarraton̲ kā shahr : |
| Remainder of title | nāvil / |
| Statement of responsibility, etc. | Raz̤iyah Baṭ. |
| 260 ## - PUBLICATION, DISTRIBUTION, ETC. | |
| Place of publication, distribution, etc. | Lāhore : |
| Name of publisher, distributor, etc. | Sang-i Mīl Pablīkeshanz, |
| Date of publication, distribution, etc. | 1993. |
| 300 ## - PHYSICAL DESCRIPTION | |
| Extent | 269 p. ; |
| Dimensions | 22 cm. |
| 500 ## - GENERAL NOTE | |
| General note | Novel. |
| 500 ## - GENERAL NOTE | |
| General note | In Urdu. |
| 650 ## - SUBJECT ADDED ENTRY--TOPICAL TERM | |
| Topical term or geographic name entry element | Urdu Literature |
| 9 (RLIN) | 347 |
| 880 ## - ALTERNATE GRAPHIC REPRESENTATION | |
| Linkage | 100-01\(3\r |
| Title | رضیہ بٹ |
| 880 ## - ALTERNATE GRAPHIC REPRESENTATION | |
| Linkage | 245-02\(3\r |
| Title | مسرتوں کا شہر |
| c | رضیہ بٹ |
| 880 ## - ALTERNATE GRAPHIC REPRESENTATION | |
| Linkage | 260-03\(3\r |
| Title | لاہور: |
| b | سنگ میل پبلی کیشنز، |
| c | 2005 |
| 906 ## - LOCAL DATA ELEMENT F, LDF (RLIN) | |
| a | 7 |
| b | cbc |
| c | origode |
| d | u |
| e | ncip |
| f | 19 |
| g | y-gencatlg |
| 942 ## - ADDED ENTRY ELEMENTS (KOHA) | |
| Source of classification or shelving scheme | |
| Koha item type | Book |
| Withdrawn status | Lost status | Source of classification or shelving scheme | Damaged status | Not for loan | Permanent Location | Current Location | Shelving location | Date acquired | Total Checkouts | Total Renewals | Full call number | Barcode | Checked out | Date last seen | Date last checked out | Copy number | Price effective from | Koha item type |
|---|---|---|---|---|---|---|---|---|---|---|---|---|---|---|---|---|---|---|
| Central Library (CL) | Central Library (CL) | Fiction | 05/15/2017 | 6 | 2 | 891.4393 BUT | CL1901 | 06/05/2026 | 02/12/2026 | 02/12/2026 | 1 | 05/15/2017 | Book |
